00382nmm a2200133Ia 4500008004100000041000800041100002600049245002600075264004200101300001800143490001400161650002200175856005100197251105s9999||||xx |||||||||||||||||und|| aspa aPardo Bazán, Emilia 0aEl tesoro de Gastón a[Madrid, España] :bLinkgua, c2017 a103 páginas aNarrativa aSpanish narrative uhttps://public.digitaliapublishing.com/a/55318